The march of public interest (Record no. 82140)

MARC details
000 -LEADER
fixed length control field 01318cab a22002175a 4500
001 - CONTROL NUMBER
control field L149337
008 - FIXED-LENGTH DATA ELEMENTS--GENERAL INFORMATION
fixed length control field 090821e20100609xxk 000 0 eng d
035 ## - SYSTEM CONTROL NUMBER
System control number (Sirsi) u149337
041 0# - LANGUAGE CODE
Language code of text/sound track or separate title eng
100 1# - MAIN ENTRY--PERSONAL NAME
Personal name Edwards, Stan
245 04 - TITLE STATEMENT
Title The march of public interest
Medium [electronic resource]
260 ## - PUBLICATION, DISTRIBUTION, ETC.
Date of publication, distribution, etc. 2010
490 ## - SERIES STATEMENT
Series statement Land Journal
Volume/sequential designation February-March 2010, 12-13,19 (3)
520 ## - SUMMARY, ETC.
Summary, etc. The Local Democracy, Economic Development and Construction Act, 2009 (LDEDC Act) has redefined the concept of community involvement and public interest has gradually been redefined by statutes and circulars. It proposes to extend the "duty to involve" to additional agencies and bodies across England. The duty has applied mainly to local authorities so far, but the Act requires named bodies to take appropriate steps to involve people in decisions, policies and services that might affect them or be of interest to them.
590 ## - LOCAL NOTE (RLIN)
Local note KA
650 24 - SUBJECT ADDED ENTRY--TOPICAL TERM
Topical term or geographic name entry element LOCAL DEMOCRACY, ECONOMIC DEVELOPMENT AND CONSTRUCTION ACT 2009
651 #4 - SUBJECT ADDED ENTRY--GEOGRAPHIC NAME
Geographic name United Kingdom
Chronological subdivision
690 ## - LOCAL SUBJECT ADDED ENTRY--TOPICAL TERM (OCLC, RLIN)
Topical term or geographic name as entry element ENVIRONMENTAL AND LAND CONSULTANCY-PLANNING AND DEVELOPMENT-PLANNING GUIDANCE-LOCAL DEVELOPMENT PLANS
856 48 - ELECTRONIC LOCATION AND ACCESS
Uniform Resource Identifier <a href="https://www.rics.org/site/download_feed.aspx?fileID=5761&fileExtension=PDF">https://www.rics.org/site/download_feed.aspx?fileID=5761&fileExtension=PDF</a>
Public note View this item (member-only access) at www.rics.org
942 ## - ADDED ENTRY ELEMENTS (KOHA)
Suppress in OPAC 0
Holdings
Withdrawn status Lost status Source of classification or shelving scheme Damaged status Not for loan Home library Current library Shelving location Date acquired Total Checkouts Full call number Barcode Date last seen Copy number Price effective from Koha item type
    Dewey Decimal Classification     Virtual Virtual Online 22/02/2010   ONLINE PUBLICATION 149337-2001 06/08/2019 1 06/08/2019 Journal article